Statistics for Tallest what?

Click here to take the quiz!

General Stats

  • This quiz has been taken 77 times
  • The average score is 3 of 14

Answer Stats

HintAnswer% Correct
The Tallest mountainMount Everest
87%
The tallest buildingburj khalifa
81%
the tallest treeHyperion (redwood)
44%
The tallest personRobert Wadlow
33%
the tallest monsterGodzilla
19%
the Highest average elevation (country)Tajikistan
17%
The tallest Animal (current)Giraffes
4%
The tallest actorNeil Fingleton
4%
the tallest volcanoOjos del Salado
4%
The tallest MCU villlanSurtur
1%
The tallest dogZeus
1%
the tallest hotelGevora Hotel
0%
the tallest snowman(name)Riesi
0%
The Tallest animal (old)Sauroposeidon
0%

Score Distribution

Percentile by Number Answered

Percent of People with Each Score

Your Score History

You have not taken this quiz